Giáo trình dinh dưỡng nâng cao
Giáo trình trình bày các vấn đề dinh dưỡng của gia súc từ sự lên men, carbohydrate, lipid, protein, năng lượng, mức ăn vào và kiểm soát mức ăn
Spremljeno u:
| Glavni autor: | |
|---|---|
| Format: | Knjiga |
| Jezik: | Undetermined |
| Izdano: |
Cần Thơ
Trường Đại học Cần Thơ
2008
|
| Teme: | |
| Oznake: |
Dodaj oznaku
Bez oznaka, Budi prvi tko označuje ovaj zapis!
|
| Thư viện lưu trữ: | Trung tâm Học liệu Trường Đại học Cần Thơ |
|---|
| LEADER | 00962nam a2200217Ia 4500 | ||
|---|---|---|---|
| 001 | CTU_140915 | ||
| 008 | 210402s9999 xx 000 0 und d | ||
| 082 | |a 636.085 | ||
| 082 | |b D513 | ||
| 100 | |a Nguyễn, Nhựt Xuân Dung | ||
| 245 | 0 | |a Giáo trình dinh dưỡng nâng cao | |
| 245 | 0 | |c Nguyễn Nhựt Xuân Dung, Lưu Hữu Mãnh | |
| 260 | |a Cần Thơ | ||
| 260 | |b Trường Đại học Cần Thơ | ||
| 260 | |c 2008 | ||
| 520 | |a Giáo trình trình bày các vấn đề dinh dưỡng của gia súc từ sự lên men, carbohydrate, lipid, protein, năng lượng, mức ăn vào và kiểm soát mức ăn | ||
| 526 | |a Dinh dưỡng gia cầm,Thâm cứu dinh dưỡng vật nuôi | ||
| 526 | |b NNN605,NNN622 | ||
| 650 | |a Animal nutrition.,Dinh dưỡng động vật | ||
| 904 | |i Huỳnh Mai | ||
| 980 | |a Trung tâm Học liệu Trường Đại học Cần Thơ | ||